000 00331nam a22001457a 4500
008 230703b ||||| |||| 00| 0 eng d
020 _a9780896034358
041 _aeng
080 _a616.8
082 _a616.8MAR
100 _a14
101 _aTRURI
245 _aDISCOVERIES IN THE HUMAN BRAIN
_cMARSHALL.H.L
942 _2udc
_cBK
999 _c60082
_d60082